000 00843nam a2200241 a 4500
001 000023274
005 20240406073830.0
008 101201s1991 mx r 000 0 spa d
020 _a9688882720
040 _aDO-SdBNP
_bspa
_cBNPHU
082 _a321.8
_bG619p
100 1 _aGoldman, Ralph M.
_947916
245 1 0 _aPromoviendo la democracia :
_balternativas y resultados /
_cRalph M. Goldman , William A. Douglas ; traducción Ramón H. Ramírez ; prólogo Robert Wesson.
260 _aMéxico, D. F. :
_bPrisma,
_c1991.
300 _a325 p. : ;
_c21 cm.
534 _aPromoting democracy: opportunities and issues
650 0 _aDemocracia
_9286
650 4 _aForma de gobierno
_947917
700 1 _aDouglas, William A.
_93616
700 1 _aRamírez, Ramón H.,
_etr.
_947918
700 1 _aWesson, Robert,
_epról.
_947919
049 _aBNGR
999 _c22771
_d22771